00797cam a22002411 4500001001300000003000400013005001700017008004100034010001700075035002000092040004300112042001200155050002500167082001000192110008100202245003200283260002400315300005000339490002400389650002400413810010100437999001700538sd 49000337 DLC20260227112735.0920910s1945 dcuab f000 0 eng c asd 49000337  a(OCoLC)26574512 aU.S. Dept. of State. LibrarycNNCdDLC apremarc00aUB250b.U33 no. 2959 a338.11 aUnited States.bOffice of Strategic Services.bResearch and Analysis Branch.04aThe food position of Japan. a[Washington]c1945. av. l., 62 p.bfold. col. map, tables.c27 cm.1 aIts R & Avno. 2959 0aFood supplyzJapan.1 aUnited States.bOffice of Strategic Services.bResearch and Analysis Branch.tR & A ;vno. 2959. c90011d90011